Silvio Pellico / (Record no. 31056)

MARC details
000 -LEADER
campo de control de longitud fija 00488nam a2200181 i 4500
001 - NÚMERO DE CONTROL
campo de control 31056
003 - IDENTIFICADOR DE NÚMERO DE CONTROL
campo de control ES-MaACL
005 - FECHA Y HORA DE LA ÚLTIMA TRANSACCIÓN
campo de control 20251003162655.0
007 - CAMPO FIJO DE DESCRIPCIÓN FÍSICA--INFORMACIÓN GENERAL
campo de control de longitud fija t|
008 - DATOS DE LONGITUD FIJA--INFORMACIÓN GENERAL
campo de control de longitud fija 030128s1916 it |||| |bita d
100 1# - ENTRADA PRINCIPAL--NOMBRE DE PERSONA
Nombre de persona Bellorini, Egidio.
9 (RLIN) 27271
245 10 - MENCIÓN DEL TÍTULO
Título Silvio Pellico /
Mención de responsabilidad, etc. Egidio Bellorini.
260 ## - PUBLICACIÓN, DISTRIBUCIÓN, ETC.
Lugar de publicación, distribución, etc. Catania :
Nombre del editor, distribuidor, etc. S. di Mattei,
Fecha de publicación, distribución, etc. 1916.
300 ## - DESCRIPCIÓN FÍSICA
Extensión 99 p. ;
Dimensiones 16 cm.
600 17 - PUNTO DE ACCESO ADICIONAL DE MATERIA--NOMBRE DE PERSONA
Nombre de persona Pellico, Silvio,
Fechas asociadas al nombre 1789-1854
Fuente del encabezamiento o término
9 (RLIN) 130947
852 ## - LOCALIZACIÓN
Ubicación ES-MaACL
Número de control de estantería F-3326
Holdings
Estatus retirado Estado de pérdida Estado de daño No para préstamo Biblioteca de origen Biblioteca actual Ubicación en estantería Fecha de adquisición Fuente de adquisición Total de préstamos Signatura topográfica completa Código de barras Visto por última vez Precio de reemplazo Tipo de ítem Koha
        Biblioteca del Ateneo de Madrid Biblioteca del Ateneo de Madrid Depósito 2 17/01/2008     F-3326 1032084 23/02/2023 23/02/2023 Libro impreso